Deepest Lakes In The United States - Statistics

General Stats
  • This quiz has been taken 57 times
  • The average score is 3 of 5
Answer Stats
States Depth (Ft) Lake % Correct
California, Nevada 1,645 Lake Tahoe
96%
Michigan, Minnesota, Wisconsin 1,332 Lake Superior
91%
Oregon 1,943 Crater Lake
83%
Washington 1,486 Lake Chelan
24%
Idaho 1,152 Lake Pend Oreille
2%
No matching quizzes found
Score Distribution
Percent of People with Each Score
Percentile by Number Answered
Your Score History
You have not taken this quiz